[Event "BL2-Nord 1213"]
[Site "Germany"]
[Date "2013.03.17"]
[Round "8.5"]
[White "Sergin, Mark"]
[Black "Schmidt Schaeffer, Sebastian"]
[Result "0-1"]
[WhiteElo "2167"]
[BlackElo "2360"]
[PlyCount "140"]
[EventDate "2012.10.14"]
[EventType "team-tourn"]
[EventRounds "9"]
[EventCountry "GER"]
[SourceTitle "CBM 154 Extra"]
[Source "ChessBase"]
[SourceDate "2013.06.25"]
[SourceVersion "2"]
[SourceVersionDate "2013.06.25"]
[SourceQuality "1"]
[WhiteTeam "Kassel"]
[BlackTeam "Berlin Kreuzberg"]
[WhiteTeamCountry "GER"]
[BlackTeamCountry "GER"]

1. e4 g6 2. d4 Bg7 3. Nc3 c6 4. Nf3 d6 5. h3 Nf6 6. Be3 0-0 7. Qd2 b5 8. Bd3 Nbd7 9. Bh6 e5 10. 0-0-0 b4 11. Nb1 Qa5 12. Bxg7 Kxg7 13. a3 c5 14. dxc5 dxc5 15. Qe3 Rb8 16. Nfd2 Qc7 17. Nc4 Nb6 18. g3 Be6 19. Qe2 Rfd8 20. Nxb6 bxa3 21. Nxa3 Qxb6 22. c3 Qb7 23. f4 Nh5 24. Rh2 exf4 25. g4 Ng3 26. Qf2 Qc7 27. Bc2 Rxd1+ 28. Bxd1 Nxe4 29. Qf3 Bd5 30. Bc2 Nf6 31. Qf2 f3 32. Rh1 c4 33. Rd1 Qf4+ 34. Kb1 Re8 35. Rd4 Qe5 36. Ka2 Qe2 37. Qh4 f2 38. Rf4 Qe6 39. Rxf2 h6 40. Rd2 Qe3 41. Qf2 Qxh3 42. Qc5 Be6 43. g5 hxg5 44. Qxg5 Qh6 45. Qg2 Qe3 46. Rd4 Qe5 47. Qb7 Qc5 48. Ba4 Re7 49. Qa6 Rc7 50. Bb5 Nd7 51. Bxc4 Rc6 52. Qb7 Ne5 53. Bxe6 Rxe6 54. Rd1 Nc6 55. Rd2 Rd6 56. Rh2 Qd5+ 57. Ka1 Qe5 58. Rh1 Qe4 59. Rf1 Rf6 60. Rd1 Qe2 61. Rh1 Qe6 62. Rd1 Qe2 63. Rd7 Rf1+ 64. Ka2 Qe6+ 65. c4 a5 66. Rc7 Rf6 67. Qb5 Qd6 68. Rc8 Nb4+ 69. Ka1 Qd1+ 70. Nb1 Qxb1+ 0-1

[Event "Pfalz op 03rd"]
[Site "Neustadt an der Weinstrasse"]
[Date "2012.03.03"]
[Round "8"]
[White "Sergin, Mark"]
[Black "Fromm, Christian"]
[Result "1-0"]
[WhiteElo "2167"]
[BlackElo "2109"]
[PlyCount "115"]
[EventDate "2012.02.17"]
[EventType "swiss"]
[EventRounds "9"]
[EventCountry "GER"]
[SourceTitle "EXT 2013"]
[Source "ChessBase"]
[SourceDate "2012.11.22"]
[SourceVersion "1"]
[SourceVersionDate "2012.11.22"]
[SourceQuality "1"]

1. e4 d6 2. d4 Nf6 3. Nc3 e5 4. Nf3 Nbd7 5. Bc4 Be7 6. 0-0 0-0 7. Re1 c6 8. a4 Qc7 9. b3 b6 10. d5 Bb7 11. dxc6 Bxc6 12. Bg5 h6 13. Bh4 Rfe8 14. h3 a6 15. Nh2 Qb7 16. Ng4 b5 17. Bxf6 Nxf6 18. Nxf6+ Bxf6 19. Bd5 Rac8 20. axb5 axb5 21. b4 Bxd5 22. Nxd5 Bd8 23. Qd3 Qc6 24. c3 Bg5 25. Ra7 Rf8 26. Re2 Bd8 27. Rea2 Qc4 28. Qxc4 Rxc4 29. f3 Bg5 30. Rb7 Bh4 31. Kf1 Rc6 32. Rxb5 f5 33. exf5 Rxf5 34. Ne3 Rf7 35. Rc2 e4 36. Rf5 exf3 37. Rxf7 Kxf7 38. gxf3 Ke6 39. b5 Rc8 40. c4 Bd8 41. Nd5 Rb8 42. Re2+ Kd7 43. f4 Ra8 44. Kg2 Ra4 45. Re7+ Bxe7 46. Nb6+ Kc7 47. Nxa4 Bf6 48. Kf3 g6 49. Ke4 Bh4 50. f5 gxf5+ 51. Kxf5 Bf2 52. Ke6 Bd4 53. Kd5 Bf2 54. Nc3 Bg3 55. Ne4 Bf4 56. Nf6 Kd8 57. Kc6 Be5 58. Nd7 1-0

[Event "Pfalz op 03rd"]
[Site "Neustadt an der Weinstrasse"]
[Date "2012.02.20"]
[Round "3"]
[White "Klundt, Klaus"]
[Black "Sergin, Mark"]
[Result "1-0"]
[WhiteElo "2386"]
[BlackElo "2167"]
[PlyCount "77"]
[EventDate "2012.02.17"]
[EventType "swiss"]
[EventRounds "9"]
[EventCountry "GER"]
[SourceTitle "EXT 2013"]
[Source "ChessBase"]
[SourceDate "2012.11.22"]
[SourceVersion "1"]
[SourceVersionDate "2012.11.22"]
[SourceQuality "1"]

1. e4 c5 2. Nf3 e6 3. d4 cxd4 4. Nxd4 Nc6 5. Nc3 Qc7 6. g3 a6 7. Bg2 d6 8. 0-0 Bd7 9. Re1 Be7 10. a4 h5 11. h3 Nf6 12. Nxc6 Bxc6 13. Bf4 Kf8 14. Qe2 Rc8 15. Rad1 e5 16. Be3 h4 17. g4 Nd7 18. Rd2 g6 19. Red1 Kg7 20. Nb5 axb5 21. axb5 Nf8 22. bxc6 Qxc6 23. c3 Ne6 24. Rd5 Ra8 25. Qd2 Ra4 26. f3 g5 27. Bf1 Ra2 28. Rb5 Rha8 29. Rb6 Qc8 30. Qd5 Nd8 31. Bc4 Ra1 32. Rxa1 Rxa1+ 33. Kg2 Qa8 34. Rxd6 Bxd6 35. Qxd6 Ra5 36. Bxg5 Ne6 37. Bxe6 fxe6 38. Qe7+ Kg6 39. Qf6+ 1-0